000
00318nam a2200109Ia 4500
008
171211s9999 xx 000 0 und d
245
_a
Create Stunning HTML Email That Just Works
245
_c
Mathew Patterson
260
_c
2010
650
_x
Web Development
856
_u
http://down.ebook777.com/016/9780980576863.pdf
999
_c
350049
_d
350049